Factores que influyen en la ocurrencia de accidentes de transito
Kaydedildi:
| Yazar: | |
|---|---|
| Materyal Türü: | Kitap |
| Baskı/Yayın Bilgisi: |
[San José , Costa Rica]
1995
|
| Konular: | |
| Etiketler: |
Etiketle
Etiket eklenmemiş, İlk siz ekleyin!
|
MARC
| LEADER | 00000nam a2200000Ia 4500 | ||
|---|---|---|---|
| 003 | 007770 | ||
| 005 | 20221231144251.0 | ||
| 008 | 140114s1995 cr a m 000 ||s d | ||
| 040 | |c cru CEDI | ||
| 090 | |a TFG 3348 | ||
| 100 | |a Balmaceda Arias, Agnes |9 10595 | ||
| 245 | |a Factores que influyen en la ocurrencia de accidentes de transito | ||
| 260 | |c 1995 |a [San José , Costa Rica] | ||
| 300 | |a [265] hojas : ilustraciones(algunas plegables) | ||
| 500 | |a Proyecto de graduación (licenciatura en ingeniería civil)--Universidad de Costa Rica. Facultad de Ingeniería. Escuela de Ingeniería Civil | ||
| 650 | |x ACCIDENTES DE TRANSITO - COSTA RICA |9 9088 | ||
| 942 | |c TFG | ||
| 999 | |c 19326 |d 19326 | ||
